000 01153nam0a22002891 4500
001 v19\rc\1408043
005 20250618103137.0
035 _a(NLR Aleph) 004537170
090 _a1953510
_c1953510
100 _a20060512d1886 |||y0rusy50 ca
101 0 _arus
_achu
102 _aRU
105 _ay j |||||
200 1 _aГрамматика древнего церковно-славянского языка, изложенная сравнительно с русскою
_eСост. для сред. учеб. заведений П. Смирновским
205 _a4-е изд.
210 _aСанкт-Петербург
_cтип. И.И. Глазунова
_d1886
215 _aVIII, 172 с.
_d22
300 _aСо 2-го изд. подзаг.: Сост. для сред. учеб. заведений П. Смирновским
700 1 _aСмирновский
_bП.В.
_f1846-1904
_gПетр Владимирович
_4220
801 0 _aRU
_bNLR
_gpsbo
801 0 _aRU
_bRuMoRGB
_2psbo
801 1 _aRU
_bProSoft-M
_2rusmarc
852 _aNLR
_j18.215.6.21
899 _aRuMoRGB
_jA 161/677
899 _aБАН
942 _cBOOK
980 _aNB